| 000 | 01633nam a2200421 i 4500 | ||
|---|---|---|---|
| 001 | EBC6285493 | ||
| 003 | MiAaPQ | ||
| 005 | 20211005210524.0 | ||
| 007 | cr cnu|||||||| | ||
| 008 | 201212s2000 enk o 000 0 eng d | ||
| 020 | _z9780333753323 | ||
| 020 | _a9780230288126 (e-book) | ||
| 040 |
_aMiAaPQ _beng _cMiAaPQ |
||
| 041 | _aeng | ||
| 245 | 0 | 0 |
_aRussian modernity : _bpolitics, knowledge, practices / _cedited by David L. Hoffmann and Yanni Kotsonis. |
| 264 | 1 |
_aBasingstoke, Hampshire ; _aNew York, New York : _bMacmillan Press Ltd : _bSt. Martin's Press, Inc., _c[2000] |
|
| 264 | 4 | _c©2000 | |
| 300 | _a1 online resource (viii, 279 pages) | ||
| 336 |
_aText _btxt _2rdacontent |
||
| 337 |
_aComputermedien _bc _2rdamedia |
||
| 338 |
_aOnline Resource _bcr _2rdacarrier |
||
| 500 | _aE-Book-ProQuest / Fernzugriff nach Registrierung möglich | ||
| 648 | _a1800-1950 | ||
| 650 | _aSozialgeschichte | ||
| 650 | _aGeschichtstheorie | ||
| 650 | _aModerne | ||
| 651 | _aRussland | ||
| 651 | _aSowjetunion | ||
| 655 | 4 | _aElectronic books. | |
| 655 | _aFernzugriff | ||
| 700 | 1 |
_aHoffmann, David L. _q(David Lloyd), _d1961- _eeditor. |
|
| 700 | 1 |
_aKotsonis, Yanni, _d1962- _eeditor. |
|
| 776 | 0 | 8 |
_iPrint version: _tRussian modernity : politics, knowledge, practices. _dBasingstoke, Hampshire ; New York, New York : Macmillan Press Ltd ; St. Martin's Press, Inc., c2000 _hviii, 279 pages _z9780333753323 |
| 856 | 4 | 0 |
_uhttps://ebookcentral.proquest.com/lib/maxweberstiftung-ebooks/detail.action?docID=6285493 _zVolltext |
| 942 |
_cEB _2z |
||
| 999 |
_c57793 _d57793 |
||